000 00657nam a2200289Ia 4500
005 20260324134352.0
008 008 260324s9999 xx 000 0 eng d
020 _a9780203005019
037 _aEBOOK
040 _aCRL
040 _beng
040 _cCRL
041 _2eng
041 _aeng
084 _qCRL
100 _aMarc Askew
_91196554
245 0 _aBangkok
245 0 _bPlace, Practice and Representation
260 _bTaylor and Francis
260 _c2002
365 _a
365 _b325
856 _uhttp://www.taylorfrancis.com/books/9780203005019
942 _cEBOOK
999 _c1796583
_d1796583